000 00798nam a2200265 i 4500
001 C2-0249245
003 PPAK
005 20180727213307.0
008 030429s2003 my a|||| ||||| | may d
020 _a9831725077
040 _aPPAK
_beng
_cPPAK
_erda
082 0 4 _a499.2386
_223
090 0 0 _a499.2386
_bSUL
_dRK
100 0 _aSulaiman Zakaria,
_eauthor
245 1 0 _aOh, di manakah ibuku?
264 1 _aKuala Lumpur :
_bArowana ,
_c2003
300 _a16 pages :
_bcolour illustrations ;
_c37 cm
336 _2rdacontent
_atext
337 _2rdamedia
_aunmediated
338 _2rdacarrier
_avolume
490 1 _aCerita sains untuk kanak-kanak - Siri bintang hijau
650 1 0 _aBahasa Melayu - Readers
830 0 _aCerita sains untuk kanak-kanak - Siri bintang hijau
942 _ddc
_cB
999 _c62794
_d62794